| 000 | 00531 a2200169 4500 | ||
|---|---|---|---|
| 999 |
_c12674 _d12674 |
||
| 003 | OSt | ||
| 005 | 20240702170613.0 | ||
| 008 | 240702b ||||| |||| 00| 0 eng d | ||
| 020 | _a 9783906027654 | ||
| 082 |
_a724.6 _bLeC |
||
| 100 | _a Le Corbusier | ||
| 245 | _aPrecisions on the Present State of Architecture and City Planning | ||
| 260 |
_bMIT Press _c2016 _aMassachusetts,Cambridge etc |
||
| 300 | _axvi;266p. | ||
| 650 |
_2Topical term or geographic name as entry element Netherlands--Delft _aCity planning |
||
| 942 | _2ddc | ||